Cuestión pendiente con motivo de la separación de los funcionarios de oposición del Ministerio de Gracia y Justicia procedentes de la Dirección General del Registro de la Propiedad, hoy restablecida. (Record no. 183906)

MARC details
000 -LEADER
campo de control de longitud fija 00692nam a2200169 i 4500
001 - NÚMERO DE CONTROL
campo de control 183906
003 - IDENTIFICADOR DE NÚMERO DE CONTROL
campo de control ES-MaACL
005 - FECHA Y HORA DE LA ÚLTIMA TRANSACCIÓN
campo de control 20230906222011.0
008 - DATOS DE LONGITUD FIJA--INFORMACIÓN GENERAL
campo de control de longitud fija 141121s1870 sp |||| | spa d
080 ## - NÚMERO DE LA CLASIFICACIÓN DECIMAL UNIVERSAL
Número de la Clasificación Decimal Universal 35(460).08
245 00 - MENCIÓN DEL TÍTULO
Título Cuestión pendiente con motivo de la separación de los funcionarios de oposición del Ministerio de Gracia y Justicia procedentes de la Dirección General del Registro de la Propiedad, hoy restablecida.
260 ## - PUBLICACIÓN, DISTRIBUCIÓN, ETC.
Lugar de publicación, distribución, etc. Madrid :
Nombre del editor, distribuidor, etc. [s.n.],
Fecha de publicación, distribución, etc. 1870 (
Fabricante Imp. y Estereotipia de M. Rivadeneyra)
300 ## - DESCRIPCIÓN FÍSICA
Extensión 30 p. ;
Dimensiones 22 cm.
650 #4 - PUNTO DE ACCESO ADICIONAL DE MATERIA--TÉRMINO DE MATERIA
Término de materia o nombre geográfico como elemento de entrada Funcionarios-
Subdivisión geográfica España.
9 (RLIN) 13011
710 1# - ENTRADA AGREGADA--NOMBRE DE ENTIDAD CORPORATIVA
Nombre de entidad corporativa o nombre de jurisdicción como elemento de entrada España.
Unidad subordinada Ministerio de Gracia y Justicia.
9 (RLIN) 3873
852 4# - LOCALIZACIÓN
Ubicación ES-MaACL
Número de control de estantería T-114-F-5
Holdings
Estatus retirado Estado de pérdida Estado de daño No para préstamo Colección Biblioteca de origen Biblioteca actual Ubicación en estantería Fecha de adquisición Fuente de adquisición Total de préstamos Signatura topográfica completa Código de barras Visto por última vez Precio de reemplazo Tipo de ítem Koha
        Colección de folletos Biblioteca del Ateneo de Madrid Biblioteca del Ateneo de Madrid Depósito folletos 21/11/2014     T-114-F-5 1193380 23/02/2023 23/02/2023 Folleto